| 000 | 00953nam a2200277 c 4500 | ||
|---|---|---|---|
| 003 | BLK | ||
| 005 | 20180413122544.0 | ||
| 008 | 180408b bul|||||r ||||||| ||bul|| | ||
| 010 | _aKNG00053230000 | ||
| 020 |
_a3-411-01916-6 _bиздат.: Bibliographisches Institut |
||
| 040 | _aBLK | ||
| 041 |
_aDEU _cDEU |
||
| 080 |
_aНемски език (високонемски, стандартен писмен) _b811.112.2 _x-1(03) _z811.112.2-1(03) |
||
| 139 |
_aMENTRUP, Wolfgang _b |
||
| 245 | 1 | 0 |
_aWann schreibt man gross, wann schreibt man klein? _bRegeln und ausfuhrliches Worterverzeichnis |
| 250 | _a2. neu bearb. und erw. Aufl | ||
| 260 |
_аMannheim et al. _bBibliographisches Institut _c1981 |
||
| 300 |
_a256 c _c19 cm |
||
| 380 | _a80 | ||
| 490 | 1 |
_aDuden Taschenbucher _vBd. 6 |
|
| 852 | _aЦб 187022 | ||
| 856 | 4 |
_qpdf _u |
|
| 856 | 4 |
_qpdf _u |
|
| 942 |
_cKNG _n0 |
||
| 944 |
_aCR _c01.01.1999 _kAB_DOS |
||
| 944 |
_aED _c13.02.2017 _kЛили_Борисова |
||
| 999 |
_c49380 _d49380 |
||